000
00183 a2200097 4500
020
_a
9781405226660
041
_a
eng
100
_a
Morpurgo, Michael
245
_a
WarHorse
942
_c
BK
999
_c
31363
_d
31361